| 000 | 00333nam a2200109Ia 4500 | ||
|---|---|---|---|
| 008 | 171211s9999 xx 000 0 und d | ||
| 245 | _aSecrecy at Work : The Hidden Architecture of Organizational Life | ||
| 245 | _cChristopher Grey | ||
| 260 | _c2016 | ||
| 650 | _xBUSINESS | ||
| 856 | _uhttp://down.ebook777.com/063/9780804798143.pdf | ||
| 999 |
_c349466 _d349466 |
||